[Event "Shenzhen"]
[Site "Shenzhen"]
[Date "1992.??.??"]
[Round "9"]
[White "Ye Jiangchuan"]
[Black "Torre, Eugenio"]
[Result "1/2-1/2"]
[WhiteElo "2545"]
[BlackElo "2555"]

1.e4 d6 2.d4 Nf6 3.Nc3 g6 4.Be3 c6 5.Qd2 b5 6.Bd3 Nbd7 7.Nf3 e5 8.dxe5 dxe5
9.h3 a5 10.a4 b4 11.Ne2 Qe7 12.O-O Nc5 13.Ng3 Bg7 14.Bh6 O-O 15.Rfe1 Nxd3
16.cxd3 c5  1/2-1/2

[Event "Shenzhen"]
[Site "Shenzhen"]
[Date "1992.??.??"]
[Round "10"]
[White "Petrosian, Arshak B"]
[Black "Ye Jiangchuan"]
[Result "1/2-1/2"]
[WhiteElo "2460"]
[BlackElo "2545"]

1.d4 Nf6 2.c4 g6 3.Nc3 Bg7 4.e4 d6 5.Nf3 O-O 6.Ng5 Na6 7.h4 e5 8.d5 c6 9.h5 cxd5
10.cxd5 Qa5 11.h6 Bh8 12.Be2 Qb6 13.Rb1 Nc5 14.Be3 Qd8 15.Bf3 a5 16.g4 Bd7
17.a4 Rc8 18.Rh2 Ne8 19.Be2 Bf6 20.Nh3 Be7 21.Bb5 Bxb5 22.axb5 Nf6 23.f3 Nfd7
24.Rg2 Kh8 25.Kf1 f6 26.Rc1 Nb6 27.b3 Qd7 28.Nf2 Qe8 29.Nd3 Ncd7 30.Na4 Bd8
31.Rgc2 Rxc2 32.Rxc2 f5 33.Kg2 Nxa4 34.bxa4 Nf6 35.Rc4 Qd7 36.Nf2 Ng8 37.exf5 gxf5
38.gxf5 Ne7 39.Rg4 Nxf5 40.Qd3 Qf7 41.Qe4 Qxd5 42.Bc1 Qxe4 43.Nxe4 Be7 44.Kh3 Rc8
45.Bg5 Bxg5 46.Rxg5 Rf8 47.Rh5 b6 48.Kg4 Ne3+ 49.Kg3 d5 50.Nd6 Nc4 51.Nxc4 dxc4
52.Rxe5 Rc8 53.Re2 Kg8 54.Kf2 c3 55.Rc2 Kf7 56.Ke1 Kg6 57.Rg2+ Kxh6 58.Kd1 Rf8
59.Rh2+ Kg6 60.Rg2+ Kf5 61.Rh2 Rh8 62.Rh6 Kg5 63.Rc6 Re8 64.Rxb6 h5 65.Rb7 Rh8
66.Rg7+ Kf6 67.Rg1 h4  1/2-1/2

[Event "Beijing op"]
[Site "Beijing"]
[Date "1993.??.??"]
[Round "3"]
[White "Ye Jiangchuan"]
[Black "Qi Jingxuan"]
[Result "0-1"]
[WhiteElo "2535"]
[BlackElo "2450"]

1.e4 c6 2.d4 d5 3.e5 Bf5 4.Nf3 e6 5.Be2 Nd7 6.O-O Qc7 7.c3 f6 8.Bf4 fxe5
9.dxe5 Ne7 10.Bg3 Ng6 11.c4 dxc4 12.Bxc4 O-O-O 13.Qb3 Nc5 14.Qe3 Qb6 15.Nd4 Qxb2
16.Nc3 Qb4 17.Nxc6 bxc6 18.Be2 Be7 19.Rfc1 Rd7 20.a3 Qa5 21.Na2 Qd2 22.Qf3 Be4
23.Qh5 Nb3 24.Qg4 Nxc1 25.Rxc1 Bd5 26.Rf1 Rc7 27.Nb4 Bxb4 28.axb4 Qc2 29.Re1 h5  0-1

[Event "Beijing op"]
[Site "Beijing"]
[Date "1993.??.??"]
[Round "4"]
[White "Qian Jifu"]
[Black "Ye Jiangchuan"]
[Result "1/2-1/2"]
[WhiteElo "2240"]
[BlackElo "2535"]

1.e4 c5 2.Nf3 Nc6 3.d4 cxd4 4.Nxd4 Nf6 5.Nc3 d6 6.Be2 e5 7.Nf3 h6 8.O-O Be7
9.Re1 O-O 10.h3 Be6 11.Bf1 Qa5 12.Bd2 Qd8 13.b3 Rc8 14.Bc1 Qa5 15.Bd2 Qb6
16.Na4 Qd8 17.c4 Nh7 18.Nc3 Ng5 19.Be3 Nxf3+ 20.Qxf3 Bg5 21.Rad1 Bxe3 22.Qxe3 a6
23.Rd2 Qc7 24.Red1 Rfd8 25.f4 exf4 26.Qxf4 Ne5 27.Ne2 Qe7 28.Nd4 Rd7 29.Nf5 Bxf5
30.exf5 Rcd8 31.Rd5 Qf6 32.g3 b6 33.Bg2 Rc8 34.a4 Rc5 35.R5d4 a5 36.Kh2 Kf8
37.Be4  1/2-1/2

[Event "Beijing op"]
[Site "Beijing"]
[Date "1993.??.??"]
[Round "6"]
[White "Ye Rongguang"]
[Black "Ye Jiangchuan"]
[Result "1-0"]
[WhiteElo "2500"]
[BlackElo "2535"]

1.d4 Nf6 2.Nf3 g6 3.Bg5 Bg7 4.Nbd2 O-O 5.c3 d6 6.e4 c5 7.dxc5 dxc5 8.Qc2 Nc6
9.Be2 Qc7 10.O-O b6 11.h3 h6 12.Be3 Nh5 13.Rfe1 Bb7 14.a4 Nf4 15.Bf1 e5 16.Nc4 Ne6
17.a5 Ba6 18.axb6 axb6 19.Ra3 b5 20.Rea1 Nb8 21.Ncd2 Qc6 22.Ra5 Nd7 23.b3 Nc7
24.Ne1 Rfd8 25.Nd3 Bf8 26.Qb2 Re8 27.Be2 Rad8 28.f3 Ra8 29.Bf2 h5 30.Nf1 Bb7
31.Ne3 Rxa5 32.Rxa5 Bd6 33.Qd2 Bf8 34.c4 b4 35.Nd5 Ne6 36.Ra7 Bg7 37.Bd1 Kh7
38.Qa2 Ra8 39.Rxa8 Bxa8 40.Qa7 Bb7 41.g3 Qa6 42.Qxa6 Bxa6 43.f4 Bb7 44.Kf1 Bc6
45.h4 exf4 46.gxf4 Ba1 47.Ke2 Kg7 48.Kd2 Bb7 49.Kc1 Bd4 50.Bxd4+ Nxd4 51.Kd2 f5
52.e5 Kf7 53.Ke3 Ne6 54.Bf3 Nd8 55.Bd1 Ne6 56.Bf3 Nd8  1-0

[Event "Beijing op"]
[Site "Beijing"]
[Date "1993.??.??"]
[Round "9"]
[White "Ye Jiangchuan"]
[Black "Xu Jun"]
[Result "1-0"]
[WhiteElo "2535"]
[BlackElo "2535"]

1.e4 c5 2.Nf3 d6 3.d4 cxd4 4.Nxd4 Nf6 5.Nc3 a6 6.Be3 Ng4 7.Bg5 h6 8.Bh4 g5
9.Bg3 Bg7 10.Qd2 Nc6 11.Nb3 Nge5 12.f3 Be6 13.Nd5 b5 14.Bf2 Rb8 15.Nd4 Nxd4
16.Bxd4 Bxd5 17.exd5 Qc7 18.h4 Qb7 19.hxg5 Qxd5 20.gxh6 Bf6 21.c3 Bg5 22.Qxg5 Nxf3+
23.gxf3 Qxg5 24.Bxh8 f6 25.Bg7 Kf7 26.Rd1 b4 27.Bc4+ e6 28.Kf1 bxc3 29.bxc3 Qe3
30.Be2 d5 31.Rg1 Rb2 32.Rg2 e5 33.Re1 e4 34.fxe4 Qh3 35.Kg1 Qe3+ 36.Kh1 Qxc3
37.Rf1 Rxe2 38.Rxf6+ Qxf6 39.Bxf6 Re1+ 40.Rg1 Re3 41.Kh2  1-0

[Event "Asia-chT"]
[Site "Kuala Lumpur"]
[Date "1993.??.??"]
[Round "3"]
[White "Ye Jiangchuan"]
[Black "Torre, Eugenio"]
[Result "1/2-1/2"]
[WhiteElo "2540"]
[BlackElo "2540"]

1.e4 d6 2.d4 Nf6 3.Nc3 g6 4.Be3 c6 5.f3 b5 6.g4 Bg7 7.Qd2 Qa5 8.Nge2 h5 9.g5 Nfd7
10.a3 Qc7 11.f4 Nb6 12.b3 e5 13.Bg2 exf4 14.Nxf4 O-O 15.O-O a6 16.Bf3 Bb7
17.Bxh5 c5 18.dxc5 dxc5 19.Bf3 N8d7 20.Rad1 Ne5 21.Ncd5 Nxd5 22.Nxd5 Bxd5
23.exd5 Qd6 24.b4 cxb4 25.axb4 Nc4 26.Bc5 Qe5 27.Qc1 Rac8 28.Rfe1 Qf5 29.Be4 Qg4+
30.Bg2 Bb2 31.Qb1 Qxg5  1/2-1/2

[Event "Jakarta"]
[Site "Jakarta"]
[Date "1994.??.??"]
[Round "1"]
[White "Serper, Grigory"]
[Black "Ye Jiangchuan"]
[Result "1/2-1/2"]
[WhiteElo "2560"]
[BlackElo "2555"]

1.c4 Nf6 2.Nc3 g6 3.e4 d6 4.d4 Bg7 5.Be2 O-O 6.Bg5 Na6 7.Qd2 e5 8.d5 c6 9.h4 cxd5
10.cxd5 Qa5 11.f3 Nh5 12.g4 Ng3 13.Rh3 Nxe2 14.Ngxe2 b5 15.a3 f6 16.Be3 h5
17.Ng3 hxg4 18.fxg4 Bd7 19.h5 g5 20.Rc1  1/2-1/2

[Event "Jakarta"]
[Site "Jakarta"]
[Date "1994.??.??"]
[Round "4"]
[White "Ye Jiangchuan"]
[Black "Sitanggang, Salor"]
[Result "1-0"]
[WhiteElo "2555"]
[BlackElo "2390"]

1.e4 c5 2.Nf3 d6 3.d4 cxd4 4.Nxd4 Nf6 5.Nc3 a6 6.Be3 e6 7.Qd2 b5 8.f3 Bb7
9.g4 Be7 10.O-O-O Nc6 11.h4 Nd7 12.Nxc6 Bxc6 13.Ne2 Bb7 14.g5 Qc7 15.h5 O-O-O
16.Nd4 Kb8 17.Bd3 Nc5 18.Kb1 g6 19.Qh2 Rhf8 20.Nb3 e5 21.Qf2 Bc8 22.Bf1 Be6
23.Bh3 Na4 24.hxg6 hxg6 25.f4 d5 26.f5 d4 27.Bd2 Bc4 28.Ba5 Nb6 29.Qg3 Bd6
30.Nc1 gxf5 31.Bxf5 Qb7 32.Rh6 Bc7 33.b3 Be6 34.Bxe6 fxe6 35.Rxe6 Nd7 36.Bxc7+ Qxc7
37.Nd3 Rc8 38.Qh2 Rh8 39.Rh6 Rhg8 40.Nb4 Qc3 41.a3 Rxg5 42.Rh3  1-0

[Event "Jakarta"]
[Site "Jakarta"]
[Date "1994.??.??"]
[Round "5"]
[White "Liu Dede"]
[Black "Ye Jiangchuan"]
[Result "1/2-1/2"]
[WhiteElo "2320"]
[BlackElo "2555"]

1.e4 c5 2.Nf3 Nc6 3.d4 cxd4 4.Nxd4 Nf6 5.Nc3 d6 6.Bg5 e6 7.Qd2 Be7 8.O-O-O O-O
9.Nb3 Qb6 10.f3 Rd8 11.Kb1 a6 12.Be3 Qc7 13.g4 d5 14.Qe1 dxe4 15.Rxd8+ Qxd8
16.Nxe4 Nxe4 17.fxe4 b5 18.Be2 Qc7 19.Qf2 Bb7 20.Rf1 Rf8 21.Bb6 Qe5 22.Nc5 Bc8
23.Bf3 Qb8 24.Nd3 e5 25.Bc5 Qc7 26.h3 Re8 27.Bxe7 Rxe7 28.c3 g6 29.Rd1 Rd7
30.Nc5 Rxd1+ 31.Bxd1 Nd8 32.Bb3 Qd6 33.Kc1 Kg7 34.a4 bxa4 35.Nxa4 Be6 36.Qc5 Qxc5
37.Nxc5 Bxb3 38.Nxb3 Ne6 39.Kd2 h5 40.gxh5 g5 41.Na5 Kh6 42.Nc6 f6 43.Ne7 Kxh5
44.Nf5 g4 45.hxg4+ Kxg4 46.b4 Kf4 47.Nd6 Ng5 48.Kd3 f5 49.exf5 e4+ 50.Ke2 Ke5
51.Ne8 Kxf5 52.Nc7 Ke5 53.Ke3 Nf7 54.Nxa6 Kd5 55.Nc5 Nd6 56.Kd2 Kc4  1/2-1/2

[Event "Jakarta"]
[Site "Jakarta"]
[Date "1994.??.??"]
[Round "7"]
[White "Blatny, Pavel"]
[Black "Ye Jiangchuan"]
[Result "1-0"]
[WhiteElo "2525"]
[BlackElo "2555"]

1.Nf3 Nf6 2.b3 g6 3.Bb2 Bg7 4.g3 O-O 5.Bg2 d6 6.O-O e5 7.d3 Nc6 8.c4 h6 9.Nc3 Be6
10.e3 d5 11.Qb1 Re8 12.Rd1 d4 13.exd4 exd4 14.Nb5 Nh7 15.Rd2 Bg4 16.Qf1 a6
17.Na3 Qf6 18.Ne1 Qg5 19.f4 Qa5 20.Rf2 Nf6 21.Nac2 Bd7 22.h3 Nh5 23.Kh2 g5
24.Bxc6 bxc6 25.b4 Qa4 26.Bxd4 gxf4 27.g4 Ng3 28.Qg2 Bxd4 29.Nxd4 Qxb4 30.Qf3 Qd6
31.Ndc2 Ne2 32.c5 Qd5 33.Qxd5 cxd5 34.Ng2 Rab8 35.Re1 f3 36.Nh4 Rb2 37.Nd4 Re3
38.Ndxf3 Rxa2 39.Ng2 Re8 40.Nd4 Nc3 41.Rxa2 Nxa2 42.c6 Be6 43.Rb1 Kf8 44.Rb7 Rc8
45.Ne3 Ke7 46.Nef5+ Kf6 47.Nxh6 Nc1 48.Ra7 Nxd3 49.Rxa6 Rh8 50.g5+ Kxg5 51.Nxe6+ Kxh6
52.Nxc7 Nb4 53.Rb6 Rc8 54.Ne8 Rxc6 55.Rxb4 Rc2+ 56.Kg1 Rc1+ 57.Kg2 Rc2+ 58.Kg3 Rc3+
59.Kh4 Rc4+ 60.Rxc4 dxc4 61.Nd6  1-0

[Event "Jakarta"]
[Site "Jakarta"]
[Date "1994.??.??"]
[Round "10"]
[White "Hracek, Zbynek"]
[Black "Ye Jiangchuan"]
[Result "1/2-1/2"]
[WhiteElo "2510"]
[BlackElo "2555"]

1.e4 c5 2.Nf3 Nc6 3.Bb5 e6 4.O-O Nge7 5.b3 a6 6.Bxc6 Nxc6 7.Bb2 b5 8.a4 b4
9.d4 cxd4 10.Nxd4 Qf6 11.Ra2 Nxd4 12.Bxd4 e5 13.Be3 Bb7 14.Qd3 Qg6 15.Rd1 Rd8
16.f3 d5 17.c4 d4 18.Bf2 Be7 19.Bg3 Qe6 20.Re2 h5 21.Rf1 h4 22.Be1 O-O 23.h3 a5
24.Bf2 Bg5 25.Nd2 Qh6 26.Rd1 Bf4 27.Nf1 Bc8 28.Be1 Qg5 29.Kh1 f5 30.Bd2 fxe4
31.Qxe4 Bf5 32.Bxf4 exf4 33.Qc6 Qg6 34.Qxg6 Bxg6 35.Kg1 Rfe8 36.Rxe8+ Bxe8  1/2-1/2

[Event "Jakarta"]
[Site "Jakarta"]
[Date "1994.??.??"]
[Round "11"]
[White "Ye Jiangchuan"]
[Black "Tkachiev, Vladislav"]
[Result "1/2-1/2"]
[WhiteElo "2555"]
[BlackElo "2510"]

1.e4 g6 2.d4 Bg7 3.Nc3 d6 4.Be3 c6 5.Qd2 b5 6.f3 Nd7 7.g4 Nb6 8.h4 h5 9.gxh5 Rxh5
10.Bd3 b4 11.Nce2 c5 12.Ng3 Rh8 13.h5 Be6 14.c3 bxc3 15.bxc3 Nc4 16.Bxc4 Bxc4
17.hxg6 fxg6 18.Rxh8 Bxh8 19.Qh2 Qa5 20.Bd2 Bf6 21.N1e2 Rb8 22.Qh7 Bf7 23.f4 e5
24.fxe5 dxe5 25.d5 Rb2 26.a4 Qa6 27.Qh3 Ne7 28.Bc1 Rb3 29.Be3 c4 30.Nf1 Nc8
31.Nd2 Rb2 32.Kf1 Nd6 33.Kg1 Rxd2 34.Bxd2 Nxe4 35.Be3 Bxd5 36.Rb1 Qe6 37.Qxe6+ Bxe6
38.Rb8+ Kd7 39.Rb7+ Kd6 40.Rxa7 Bg4 41.Nc1 Nxc3 42.Ra6+ Ke7 43.a5 Bf3 44.Bd2 Na4
45.Bb4+ Kf7 46.Rd6 Bg5 47.Na2 Be3+ 48.Kf1 g5 49.Nc3 Nxc3 50.Bxc3 g4 51.Bxe5 Ke7
52.a6 c3 53.Rd3 c2 54.Bb2 Bb6 55.Ba3+ Ke8 56.Bc1 Ke7 57.Bf4 Be4 58.Rb3 Bd4
59.Rb4 Bd3+ 60.Kg2 Be5 61.Bg5+ Bf6 62.a7 Bxg5 63.a8=Q c1=Q 64.Rb7+ Ke6 65.Rb6+ Ke7
66.Rb7+ Ke6  1/2-1/2

[Event "Jakarta"]
[Site "Jakarta"]
[Date "1994.??.??"]
[Round "12"]
[White "Adianto, Utut"]
[Black "Ye Jiangchuan"]
[Result "1/2-1/2"]
[WhiteElo "2535"]
[BlackElo "2555"]

1.d4 Nf6 2.Nf3 g6 3.g3 Bg7 4.Bg2 O-O 5.O-O d5 6.c4 dxc4 7.Na3 Na6 8.Nxc4 c5
9.dxc5 Nxc5 10.Be3 Be6 11.Rc1 Rc8 12.b3 Nd5 13.Bd4 Nb4 14.Qd2 Bxd4 15.Qxb4 Bf6
16.Rfd1 Qc7 17.Nd4 Bxd4 18.Rxd4 b6 19.Rcd1 Bxc4 20.Qxc4 Rfd8 21.Bh3 e6 22.Bg2 a5
23.h4 h5 24.Qc3 Kf8 25.a3 Rxd4 26.Rxd4 e5 27.Rd5 Nd7 28.Qxc7 Rxc7 29.Bh3 Nc5
30.b4 axb4 31.axb4 Na6 32.b5 Rc1+ 33.Kg2 Nc7 34.Rxe5 Rb1 35.Bd7 f6 36.Re3 Nxb5
37.Bc6 Rb4 38.Re8+ Kf7 39.Rb8 Nc3 40.Be8+ Kg7 41.Rb7+ Kh6 42.Rf7 Re4 43.Bd7 Rxe2
44.Rxf6 Ne4 45.Rf7 Nd6 46.Rf4 Re4 47.Rf3 Rd4 48.Rb3 Ne4 49.Bc6 Nc5  1/2-1/2

[Event "Moscow ol (Men)"]
[Site "Moscow"]
[Date "1994.??.??"]
[Round "4"]
[White "Vaganian, Rafael A"]
[Black "Ye Jiangchuan"]
[Result "1/2-1/2"]
[WhiteElo "2645"]
[BlackElo "2575"]

1.d4 Nf6 2.c4 g6 3.g3 Bg7 4.Bg2 d5 5.cxd5 Nxd5 6.e4 Nb6 7.Ne2 c5 8.d5 e6
9.O-O O-O 10.Nbc3 Na6 11.Nf4 exd5 12.Nfxd5 Be6 13.Bf4 Bxd5 14.exd5 c4 15.Qd2 Nc5
16.d6 Qd7 17.Rfe1 Rfe8 18.Bf1 Qf5 19.Rxe8+ Rxe8 20.Rd1 Rd8 21.Nd5 Nxd5 22.Qxd5 Qxd5
23.Rxd5 Ne6 24.Bxc4 Nxf4 25.gxf4 Bxb2 26.Rb5 Bd4 27.Rd5 Bc3 28.a3 Bb2 29.a4 Ba3
30.d7 a6 31.a5 Kf8 32.Bb3 Ke7 33.Ba4 f5 34.Kg2 Bd6 35.Rd4 Rxd7  1/2-1/2

[Event "Moscow ol (Men)"]
[Site "Moscow"]
[Date "1994.??.??"]
[Round "7"]
[White "Ye Jiangchuan"]
[Black "Ljubojevic, Ljubomir"]
[Result "0-1"]
[WhiteElo "2575"]
[BlackElo "2580"]

1.e4 c5 2.Nf3 d6 3.d4 cxd4 4.Nxd4 Nf6 5.Nc3 Nc6 6.Be2 g6 7.O-O Bg7 8.Nb3 O-O
9.Bg5 Be6 10.f4 b5 11.Bf3 b4 12.Nd5 a5 13.a4 bxa3 14.Rxa3 a4 15.Bxf6 Bxf6
16.Nxf6+ exf6 17.Nd4 Qb6 18.c3 Bb3 19.Qd2 Rab8 20.Raa1 Nxd4 21.cxd4 Qb4 22.Qf2 Rfc8
23.Rfc1 Rc4 24.Rxc4 Qxc4 25.e5 fxe5 26.fxe5 Rb4 27.Bd1 Qxd4 28.Bxb3 axb3
29.exd6 Qxd6 30.h3 Re4 31.Rf1 Qe7 32.Rd1 Re3 33.Qf4 h5 34.Rd8+ Qxd8 35.Qxe3 Qd5
36.Kf2 h4 37.Qc3 g5 38.Qf6 Kf8 39.Kf1 Ke8 40.Kf2 Kd7 41.Kf1 Ke8 42.Kf2 Kf8
43.Kf1 Kg8 44.Kf2 Kh7 45.Ke3 Qc4 46.Kf2 Qc2+ 47.Kf3 Qg6 48.Qe5 Qc6+ 49.Kf2 Kg6  0-1

[Event "Moscow ol (Men)"]
[Site "Moscow"]
[Date "1994.??.??"]
[Round "9"]
[White "Ye Jiangchuan"]
[Black "Yurtaev, Leonid"]
[Result "1-0"]
[WhiteElo "2575"]
[BlackElo "2530"]

1.e4 e5 2.Nf3 Nc6 3.Bb5 a6 4.Ba4 Nf6 5.O-O b5 6.Bb3 Bc5 7.c3 d6 8.Re1 Bg4
9.d3 O-O 10.Nbd2 Re8 11.Nf1 h6 12.h3 Bh5 13.Ng3 Bg6 14.Nh4 Nxe4 15.Rxe4 Bxe4
16.Nxe4 Qxh4 17.Qf3 Bb6 18.Bd5 Rf8 19.Bxc6 Rad8 20.Be3 Bxe3 21.fxe3 f5 22.Nf2 Kh8
23.a4 d5 24.axb5 axb5 25.Rf1 e4 26.Qe2 Rd6 27.Bxb5 c6 28.Ba6 Rg6 29.dxe4 dxe4
30.Bc4 h5 31.Kh1 Kh7 32.Nd1 Qg5 33.Rf4 Rd8 34.Bb3 Rgd6 35.h4 Qg6 36.Rf2 Kh6
37.Kh2 Qf6 38.Rf4 Rd2 39.Qe1 g5 40.hxg5+ Qxg5 41.Qf1 Kg6 42.Nf2 Qe7 43.Qc4 Rxb2
44.Kh3 Kg5 45.Nh1 h4 46.Nf2 Qe5 47.Nxe4+ fxe4 48.Rg4+ Kh6 49.Qf7  1-0

[Event "Tilburg blitz"]
[Site "Tilburg"]
[Date "1994.??.??"]
[Round "1"]
[White "Cifuentes Parada, Roberto"]
[Black "Ye Jiangchuan"]
[Result "1/2-1/2"]
[WhiteElo "2490"]
[BlackElo "2575"]

1.d4 Nf6 2.Nf3 g6 3.Bg5 Bg7 4.Nbd2 d5 5.e3 O-O 6.Be2 Nbd7 7.O-O Re8 8.c4 c5
9.cxd5 Nxd5 10.Qb3 N5b6 11.Rac1 cxd4 12.Nxd4 a6 13.Ne4 Nf6 14.Nxf6+ exf6
15.Bf4 Nd7 16.Bf3 Ne5 17.Bd5 Qe7 18.h3 Rb8 19.Qb6 Rd8 20.Rc7 Bd7 21.Bxb7 Qe8
22.Qxa6 Bc8 23.Bxc8 Rdxc8 24.Rfc1 Rd8 25.Bxe5 Qxe5 26.R7c5 Qe4 27.Nc6 Ra8
28.Qb7 Re8 29.a3 f5 30.R5c4 Qd3 31.Nd4 f4 32.R4c3 Qd2 33.Nf3 Qd8 34.Rc7 Rb8
35.Qc6 fxe3 36.fxe3 Bxb2 37.Rc2 Qf6 38.a4 Qxc6 39.R2xc6 Rxe3 40.a5 Ra3 41.a6 Ra8
42.Rc8+ Rxc8 43.Rxc8+ Kg7 44.Rc6 Kf8 45.Kf2 h6 46.Ke2 Ke8 47.Nd2 Kd7 48.Rb6 Bd4
49.Rb7+ Ke6 50.Nb3 Bg1 51.Kf1 Be3 52.Rb8 Kd7 53.Ke2 Bg1 54.Rb7+ Ke6 55.Kf1 Be3
56.Rb4 Kd7 57.Rb7+ Ke6 58.Ke2 Bg1 59.Kf1 Be3 60.Rb8 Kd7 61.Ke2 Bg1 62.Nd2 Rxa6
63.Nf3 Bc5 64.Kd3 Bd6 65.Rh8 Ra2 66.g4 Ra3+ 67.Ke2 Bc5 68.Ne5+ Ke7 69.Nd3 Bd4
70.Rb8 f5 71.Rb7+ Kf6 72.Rd7 Be5 73.Rb7 Bd4 74.Rb4 Bc3 75.Rc4 fxg4 76.hxg4 h5
77.Nf4 hxg4 78.Nd5+ Kg5 79.Nxc3 Kh4 80.Rc8 Kg3 81.Rc4 Kh2 82.Ne4 g3 83.Nd2 g2
84.Nf3+ Kg3 85.Ng1 Ra2+ 86.Ke3 Ra3+ 87.Ke4 Kf2 88.Rc1 Re3+ 89.Kf4 Re1 90.Nh3+ Kf1  1/2-1/2

[Event "Tilburg blitz"]
[Site "Tilburg"]
[Date "1994.??.??"]
[Round "1"]
[White "Ye Jiangchuan"]
[Black "Cifuentes Parada, Roberto"]
[Result "1-0"]
[WhiteElo "2575"]
[BlackElo "2490"]

1.e4 e5 2.Nf3 Nc6 3.Bb5 Nf6 4.O-O Nxe4 5.d4 Nd6 6.Bxc6 dxc6 7.dxe5 Nf5 8.Qxd8+ Kxd8
9.Nc3 Ke8 10.Rd1 h5 11.Ne2 Be7 12.Bg5 h4 13.h3 Bxg5 14.Nxg5 Rh5 15.Nf3 g5
16.Nc3 Be6 17.Ne4 Ke7 18.Nfxg5 Bd5 19.f4 Ne3 20.Rd2 Bxe4 21.Nxe4 Rf5 22.Rf2 Rd8
23.g4 hxg3 24.Nxg3 Ke6 25.Re1 Nd1 26.Rff1 Nxb2 27.Nxf5 Kxf5 28.Rb1 Nc4 29.Rxb7 Ne3
30.Rf2 Rd1+ 31.Kh2 Nd5 32.c4 Ne3 33.Rxc7 Ke4 34.Rxf7 Nf1+ 35.Rxf1 Rxf1 36.Kg3 c5
37.e6 Kd4 38.e7 Re1 39.f5  1-0

[Event "Tilburg rapid20"]
[Site "Tilburg"]
[Date "1994.??.??"]
[Round "1"]
[White "Cifuentes Parada, Roberto"]
[Black "Ye Jiangchuan"]
[Result "1-0"]
[WhiteElo "2490"]
[BlackElo "2575"]

1.d4 Nf6 2.Nf3 g6 3.c4 Bg7 4.Nc3 O-O 5.e4 d6 6.Be3 Na6 7.h3 e5 8.d5 Nh5 9.Nd2 Qe8
10.g3 f5 11.exf5 gxf5 12.Be2 Nf6 13.Nb3 f4 14.gxf4 exf4 15.Bxf4 Ne4 16.Be3 Nxc3
17.bxc3 Bxc3+ 18.Nd2 Bf5 19.Rc1 Bf6 20.Nf3 Nc5 21.h4 Kh8 22.Ng5 Qe7 23.Qd2 Rae8
24.Kd1 Qd7 25.Rg1 Re7 26.Rg3 Bg7 27.Bd4 Rfe8 28.Bxg7+ Rxg7 29.Qd4 Kg8 30.Rcc3 Ree7
31.h5 h6 32.Ne6 Bxe6 33.dxe6 Nxe6 34.Qf6 Qa4+ 35.Kc1 Ng5 36.Rce3 Rxe3 37.Rxe3 Qd7
38.Qxh6 Nh7 39.Bd3 Nf8 40.Qf6 Qf7 41.Qh4  1-0

[Event "Tilburg rapid20"]
[Site "Tilburg"]
[Date "1994.??.??"]
[Round "1"]
[White "Ye Jiangchuan"]
[Black "Cifuentes Parada, Roberto"]
[Result "1-0"]
[WhiteElo "2575"]
[BlackElo "2490"]

1.e4 c5 2.Nf3 e6 3.d4 cxd4 4.Nxd4 Nf6 5.Nc3 Nc6 6.Be2 d6 7.O-O Be7 8.Kh1 Bd7
9.Nb3 a6 10.a4 Na5 11.f4 Nxb3 12.cxb3 Bc6 13.Bd3 d5 14.e5 Ne4 15.Be3 O-O
16.Qb1 f5 17.exf6 Bxf6 18.Nxe4 dxe4 19.Bxe4 Bxe4 20.Qxe4 Qd5 21.Qxd5 exd5
22.Rad1 Rfe8 23.Bd4 Bxd4 24.Rxd4 Rad8 25.Rfd1 Re2 26.R4d2 Re3 27.Rd3 Re2
28.R3d2 Re3 29.Rd3 Re2 30.Kg1 Rxb2 31.R1d2 Rb1+ 32.Kf2 Kf7 33.Rc2 Rd7 34.Ke3 Re1+
35.Kf3 Rf1+ 36.Kg4 Kg6 37.Re2 h5+ 38.Kg3 d4 39.Re6+ Kf5 40.Re5+ Kf6 41.Rxh5 Rc1
42.Kf3 Rc3 43.Ke4 Rc2 44.Rf5+ Ke6 45.Rg5 Re2+ 46.Kf3 Rb2 47.h4 Rc7 48.Re5+ Kf6
49.Re4 Rc3 50.Rxd4 Rbxb3 51.Rxc3 Rxc3+ 52.Kg4 Rc6 53.Rd5 b6 54.h5 Ke6 55.Rd8 Rc2
56.g3 Rc3 57.Re8+ Kf6 58.Kh4 Rc4 59.Rb8 Rxa4 60.Rxb6+ Kf5 61.Rb8 Kf6 62.Rf8+ Ke7
63.Ra8 Kf6 64.Kg4 Ra3 65.Rb8 a5 66.Rb6+ Kf7 67.Ra6 a4 68.Kh4 Ra1 69.Kg5 a3
70.Ra7+ Kf8 71.g4 a2 72.Kf5 Ke8 73.g5 Kf8 74.Kg6 Rb1 75.Ra8+  1-0

[Event "Lee Cup"]
[Site "Beijing"]
[Date "1995.??.??"]
[Round "1"]
[White "Qi Jingxuan"]
[Black "Ye Jiangchuan"]
[Result "1-0"]
[WhiteElo "2390"]
[BlackElo "2555"]

1.e4 c5 2.Nf3 e6 3.d4 cxd4 4.Nxd4 Nc6 5.Nb5 d6 6.Bf4 e5 7.Be3 a6 8.N5c3 Nf6
9.Bc4 Be7 10.Nd5 Nxd5 11.Bxd5 O-O 12.Nc3 Bg5 13.Qd2 Bxe3 14.fxe3 Ne7 15.Bb3 Qb6
16.O-O-O Bg4 17.Qxd6 Qxe3+ 18.Qd2 Qb6 19.Qd6 Qe3+ 20.Qd2 Qb6 21.Qd6 Nc6 22.Rd5 Qf2
23.Rd2 Qf4 24.Qc7 Rab8 25.h3 Be6 26.Rd1 Rfc8 27.Qb6 Nd4 28.Kb1 Bxb3 29.axb3 h6
30.Nd5 Qxe4 31.Ne7+ Kh7 32.Nxc8 Rxc8 33.Rc1 f5 34.h4 h5 35.g3 Rf8 36.Qb4 Rc8
37.Rf2 Qe3 38.Qxb7 Rc5 39.Rcf1 e4 40.Qf7 Kh6 41.Qf8 Re5 42.b4 Kh7 43.Qf7 Kh6
44.Qc4 Kh7 45.Qc3 Qxc3 46.bxc3 Nf3 47.c4 g5 48.hxg5 Kg6 49.Rxf3 exf3 50.Rxf3 Kxg5
51.Rb3 h4 52.gxh4+ Kg4 53.b5 axb5 54.cxb5 f4 55.b6 Re8 56.b7 Rb8 57.c4 f3
58.Rb2 Kf5 59.Kc1  1-0

[Event "Tan Cup"]
[Site "Beijing"]
[Date "1995.??.??"]
[Round "3"]
[White "Xie Jun"]
[Black "Ye Jiangchuan"]
[Result "1/2-1/2"]
[WhiteElo "2540"]
[BlackElo "2550"]

1.e4 c5 2.Nf3 Nc6 3.d4 cxd4 4.Nxd4 e6 5.Be2 Nf6 6.Nc3 d6 7.O-O Be7 8.Be3 O-O
9.f4 e5 10.Nb3 exf4 11.Bxf4 Be6 12.Kh1 d5  1/2-1/2

[Event "Tan Cup"]
[Site "Beijing"]
[Date "1995.??.??"]
[Round "4"]
[White "Ye Jiangchuan"]
[Black "Stangl, Markus"]
[Result "0-1"]
[WhiteElo "2550"]
[BlackElo "2560"]

1.e4 c5 2.Nf3 d6 3.d4 cxd4 4.Nxd4 Nf6 5.Nc3 a6 6.Be3 e5 7.Nb3 Be7 8.f3 Be6
9.Qd2 Nbd7 10.g4 h6 11.O-O-O b5 12.h4 Nb6 13.Kb1 b4 14.Bxb6 Qxb6 15.Nd5 Bxd5
16.exd5 Rc8 17.Qd3 Ra8 18.Bh3 g6 19.f4 exf4 20.Rhe1 Kf8 21.Qf3 Nd7 22.h5 g5
23.Nd4 Bf6 24.Nc6 Nc5 25.b3 Kg7 26.Ne7 Bxe7 27.Rxe7 Rhe8 28.Rde1 Rxe7 29.Rxe7 Qd8
30.Re1 Qf6 31.Bf1 Nd7 32.Bd3 Qd4 33.Re4 Qg1+ 34.Qf1 Qxf1+ 35.Bxf1 a5 36.Be2 Nf6
37.Rd4 Re8 38.Bd1 Re3  0-1

[Event "Tan Cup"]
[Site "Beijing"]
[Date "1995.??.??"]
[Round "6"]
[White "Ye Jiangchuan"]
[Black "Wong Meng Kong"]
[Result "1-0"]
[WhiteElo "2550"]
[BlackElo "2430"]

1.e4 e5 2.Nf3 Nc6 3.Bb5 a6 4.Ba4 Nf6 5.O-O Be7 6.Re1 b5 7.Bb3 d6 8.c3 O-O
9.d3 Na5 10.Bc2 c5 11.Nbd2 Nc6 12.Nf1 Qc7 13.Bg5 Nd7 14.Bd2 Nb6 15.h3 f5
16.Ne3 fxe4 17.dxe4 Be6 18.Qe2 g6 19.Ng4 h5 20.Ne3 Kg7 21.Rad1 Nd8 22.Bc1 Nf7
23.Bb3 c4 24.Bc2 Bf6 25.Nh2 Rh8 26.Nhf1 Bg5 27.Nd5 Bxd5 28.Bxg5 Nxg5 29.exd5 Raf8
30.Qe3 Nh7 31.Ng3 Nd7 32.Nxh5+ gxh5 33.Qg3+ Kf7 34.Qg6+ Ke7 35.Qg7+ Kd8 36.Bxh7 Qc5
37.Re3 Nf6 38.Bf5 Rhg8 39.Qb7 h4 40.Qb8+ Ke7 41.Qb7+ Kd8 42.Rxe5  1-0

[Event "Tan Cup"]
[Site "Beijing"]
[Date "1995.??.??"]
[Round "9"]
[White "Ye Jiangchuan"]
[Black "Liang Jinrong"]
[Result "1/2-1/2"]
[WhiteElo "2550"]
[BlackElo "2450"]

1.e4 c6 2.d4 d5 3.Nd2 dxe4 4.Nxe4 Bf5 5.Ng3 Bg6 6.Nf3 Nd7 7.h4 h6 8.h5 Bh7
9.Bd3 Bxd3 10.Qxd3 e6 11.Bf4 Ngf6 12.O-O-O Be7 13.Kb1 a5 14.Qe2 a4 15.c4 Qa5
16.Ne5 Rd8 17.Rhe1 O-O 18.Ne4  1/2-1/2

[Event "Lee Cup"]
[Site "Beijing"]
[Date "1995.??.??"]
[Round "9"]
[White "Ye Jiangchuan"]
[Black "Liang Jinrong"]
[Result "1/2-1/2"]
[WhiteElo "2550"]
[BlackElo "2450"]

1.e4 c5 2.Nf3 Nc6 3.Bb5 d6 4.O-O Bd7 5.Re1 Nf6 6.c3 a6 7.Ba4 c4 8.d4 cxd3
9.Qxd3 g6 10.Bg5 Bg7 11.Bc2 O-O 12.Nbd2 Qc7 13.Rad1 Rac8 14.Qe2 Be6 15.Bb3 Bxb3
16.axb3 Rfd8 17.h3 Qb6 18.b4 Qc7 19.b5 axb5 20.Qxb5 Nd7 21.Be3 Nce5 22.Nxe5 Bxe5
23.Ra1 Qc6 24.Qe2 Ra8 25.Bh6 Bg7 26.Bxg7 Kxg7 27.Nf3 Rxa1 28.Rxa1 Nc5 29.e5 d5
30.h4 Ne6 31.Rd1 Ra8 32.Qd2 Ra2 33.h5 h6 34.hxg6 fxg6 35.Re1 Qb5 36.Nd4 Nxd4
37.Qxd4  1/2-1/2

[Event "Lee Cup"]
[Site "Beijing"]
[Date "1995.??.??"]
[Round "10"]
[White "Ye Jiangchuan"]
[Black "Wang Rui"]
[Result "1/2-1/2"]
[WhiteElo "2550"]
[BlackElo "2200"]

1.e4 d6 2.d4 Nf6 3.f3 g6 4.c4 Bg7 5.Nc3 c6 6.Be3 a6 7.c5 b5 8.cxb6 Nbd7 9.Nh3 O-O
10.Nf2 Nxb6 11.Be2 Rb8 12.O-O Nbd7 13.b3 c5 14.Qd2 cxd4 15.Bxd4 Ne5 16.Rfd1 Bb7
17.Na4 Nc6 18.Bb6 Qe8 19.Rac1 Rc8 20.Be3 Rd8 21.Bb6 Rc8 22.Rc2 Nd7 23.Rdc1 Nxb6
24.Nxb6 Rb8 25.Nd5 Nd4 26.Rc7 Bxd5 27.exd5 Nxe2+ 28.Qxe2 Qb5 29.Rxe7 Qxd5
30.Qxa6 Bd4 31.Qe2 Qg5 32.Rd1 Bb6 33.g3 Rbc8 34.Kg2 h5 35.h4 Qf6 36.Rb7 Bxf2
37.Qxf2 Rc6 38.Rb4 Rfc8 39.Rf4 Qe5 40.Re4 Qf5 41.Rd2 Rc1 42.Rxd6 Ra1 43.Rd2 Rcc1
44.Re8+ Kh7 45.Qd4 Rg1+ 46.Qxg1 Rxg1+ 47.Kxg1 Qxf3 48.Rg2 f5 49.Re6 Qg4 50.Rd6 Qf3
51.Re6 Qg4 52.Rc6 Qd4+ 53.Rf2 f4 54.gxf4 Qd1+ 55.Kh2 Qg4 56.Rc3 Qxh4+ 57.Kg2 Qg4+
58.Rg3 Qd1 59.f5 Qd5+ 60.Kg1 gxf5 61.Rgf3 Qd4 62.Rf4 Qd1+ 63.Kh2 Qd6 64.Kh3 Qd1
65.Kh2 Qd6 66.b4 Qe5 67.a4 Kh6 68.b5 Qc7 69.Kh3 Qa7 70.Kg2 Qg7+ 71.Kh1 Qb7+
72.R2f3 Qa7 73.Kg2 Qg7+ 74.Kh2 Qe5 75.Kh3 Qa1 76.Kg2 Qg7+ 77.Kh1 Qa1+ 78.Kh2 Qe5
79.Rf2 Qc7 80.Kh3 Qc3+ 81.R2f3 Qa1 82.Rf1 Qc3+ 83.Kg2 Qb2+ 84.Kh1 Qc3 85.Kh2 Qe5
86.a5 Qxb5 87.Rxf5 Qb2+ 88.R1f2 Qb8+ 89.Kh3 Qb3+ 90.R2f3 Qd1 91.Rf6+ Kh7
92.Rf7+ Kh6 93.R3f6+ Kg5 94.Rf5+ Kg6 95.R7f6+ Kg7 96.a6 Qh1+ 97.Kg3 Qg1+
98.Kf3 Qf1+ 99.Ke3 Qe1+ 100.Kd3 Qd1+ 101.Kc3 Qc1+ 102.Kb4 Qb2+ 103.Ka5 Qc3+
104.Kb5 Qd3+ 105.Kb6 Qd8+ 106.Kc6 Qc8+ 107.Kb5 Qd7+ 108.Kb4 Qd4+ 109.Ka5 Qc3+
110.Kb5 Qd3+ 111.Kc6 Qc4+ 112.Kd7 Qd3+ 113.Kc7 Qc2+ 114.Kb8 Qb1+ 115.Ka8 Qe4+
116.Kb8 Qe8+ 117.Kc7 Qe7+ 118.Kc6 Qe8+ 119.Kc5 Qc8+ 120.Kb4 Qb8+ 121.Rb5 Qd8
122.Rc6 Qd2+ 123.Kc5 Qe3+ 124.Kd6 Qg3+ 125.Ke6 Qg6+ 126.Kd5 Qf5+ 127.Kc4 Qc2+
128.Kd5 Qf5+ 129.Kc4 Qc2+  1/2-1/2